000 00854cam a22002533a 4500
001 5103
003 PGUSA
005 20140828083113.0
008 060422s2006||||xxu|||||s|||||000 | eng d
040 _aPGUSA
_beng
042 _adc
050 4 _aPQ
100 1 _aPatterson, J. G
245 1 2 _aA Zola Dictionary; the Characters of the Rougon-Macquart Novels of Emile Zola;
_h[electronic resource] /
_cJ. G Patterson
260 _bProject Gutenberg,
_c2006
506 _aPublic domain in the USA.
516 _aElectronic text
653 _aZola, Émile, 1840-1902. Rougon-Macquart -- Dictionaries
653 _aZola, Émile, 1840-1902 -- Characters -- Dictionaries
653 _aCharacters and characteristics in literature -- Dictionaries
830 0 _aProject Gutenberg
_v5103
856 4 0 _uhttp://www.gutenberg.org/ebooks/5103
942 _cEB
999 _c234432
_d234432